000 00252nam a2200109Ia 4500
008 190216s9999||||xx |||||||||||||| ||und||
100 _aUnnikrishnan Puthoor
245 0 _aManasse Shanthamagoo
260 _bNbs Kottayam
650 _aNovel
942 _cBK
999 _c26126
_d26126